| 000 | 00593nam a2200241Ia 4500 | ||
|---|---|---|---|
| 003 | 0100 | ||
| 008 | 130303s9999 xx 000 0 und d | ||
| 020 | _a0316775355 | ||
| 040 | _cARRUPELIB | ||
| 050 | _aBF713.S36 1980 | ||
| 100 | _aSchuster, Clara Shaw | ||
| 245 | 4 | _aThe Process of human development | |
| 245 | _ba holistic approach | ||
| 260 | _aBoston | ||
| 260 | _bLittle, Brown & Company | ||
| 260 | _C1980 | ||
| 300 | _axxx | ||
| 300 | _b 960p. 25cm. | ||
| 650 | _aPSYCHOLOGY | ||
| 650 | _bPhilosphical anthropology | ||
| 700 | _aAshburn, Shirley Smith | ||
| 942 | 0 | 0 | _02 |
| 999 |
_c26492 _d26492 |
||